• 首页
  • 本馆介绍
  • 公告通知
  • 最新文献
  • 馆藏检索
  • 电子资源
  • 读者导购
  • 参考咨询
  • 我的图书馆
  • 登录
  • 详细信息显示
  • 放入我的书架
  • 预约/预借图书
  • 作者相关作品
  • 分类相关作品
  • 丛书相关作品
  • 出版社相关作品

书目信息

  • 表格格式
  • 工作单格式
  • 卡片格式
题名:
诗意地栖居在大地上
    
 
作者: 荷尔德林 著 ;王佐良 译
分册:  
出版信息: 沈阳   辽宁人民出版社  2022.03
页数: 11, 263页
开本: 21cm
丛书名:
单 册:
中图分类: K835.16
科图分类:
主题词: 书信集--shu xin ji--德国--近代
电子资源:
ISBN: 978-7-205-10416-0
000 01230nam0 2200277 450
001 CAL 0120227407328
005 20230217093113.0
010    @a978-7-205-10416-0@dCNY48.00
100    @a20220525d2022 em y0chiy0120 ea
101 1  @achi@cger
102    @aCN@b210000
105    @aa z 000ey
106    @ar
200 1  @a诗意地栖居在大地上@Ashi yi di qi ju zai da di shang@e写给友人@f(德) 荷尔德林著@g王佐良译
210    @a沈阳@c辽宁人民出版社@d2022.03
215    @a11, 263页@c图@d21cm
300    @a荷尔德林书信精选
330    @a本书是丛书《荷尔德林书信精选》的分册之一, 是德国著名诗人荷尔德林在1785-1804年间, 与友人的通信, 其中包括席勒、歌德等文学名家。书信集原文思想深邃, 文学性强, 译文准确、洗练。书信内容从一个侧面反映了诗人与友人交际的真实状态, 也反映了当时德国的社会风貌, 是研究德国历史、文化, 以及诗人创作成就不可多得的一手资料。
517 1  @a写给友人@Axie gei you ren
600  1 @a荷尔德林@Ahe er de lin@g(Hoelderlin, Friderich,@f1770-1843@x书信集
606 0  @a书信集@Ashu xin ji@y德国@z近代
690    @aK835.16@v5
701  1 @a荷尔德林@Ahe er de lin@g(Hoelderlin, Friderich),@f1770-1843@4著
702  0 @a王佐良@Awang zuo liang@4译
801  0 @aCN@bBJXHZP@c20230228
905    @b1389029-32@dK835.16@e1232@f4
    
    诗意地栖居在大地上:写给友人/(德) 荷尔德林著/王佐良译.-沈阳:辽宁人民出版社,2022.03
    11, 263页:图;21cm
    荷尔德林书信精选
    
    ISBN 978-7-205-10416-0:CNY48.00
    本书是丛书《荷尔德林书信精选》的分册之一, 是德国著名诗人荷尔德林在1785-1804年间, 与友人的通信, 其中包括席勒、歌德等文学名家。书信集原文思想深邃, 文学性强, 译文准确、洗练。书信内容从一个侧面反映了诗人与友人交际的真实状态, 也反映了当时德国的社会风貌, 是研究德国历史、文化, 以及诗人创作成就不可多得的一手资料。
●
相关链接 在E读中查询图书 在五车中查询图书 在当当中查询图书 在豆瓣中查询图书


正题名:诗意地栖居在大地上     索取号:K835.16/1232         预约/预借

序号 登录号 条形码 馆藏地/架位号 状态 备注
1 1389029   213890299   第二样本阅览室/ [索取号:K835.16/1232] 在馆    
2 1389030   213890306   第二借阅区/ [索取号:K835.16/1232] 在馆    
3 1389031   213890315   第二借阅区/ [索取号:K835.16/1232] 在馆    
4 1389032   213890324   第二借阅区/ [索取号:K835.16/1232] 在馆    
唐山师范学院图书馆 欢迎您!
大连网信软件有限公司© 版权所有